Score 0/25 Timer 04:00
2 Plays Today
Cases Country % Correct
3,109,500USA
99.5%
83,581China
98.2%
242,149Italy
98.1%
252,513Spain
96%
286,980UK
94.7%
198,765Germany
93.3%
169,473France
92.4%
700,792Russia
88.1%
106,433Canada
84.9%
1,716,196Brazil
81.1%
767,296India
78.2%
248,379Iran
74.6%
73,858Sweden
71.9%
Cases Country % Correct
87,017Argentina
66.6%
224,665South Africa
64.7%
208,938Turkey
62.6%
128,638Colombia
61.7%
172,134Bangladesh
61%
303,083Chile
59.7%
275,003Mexico
55.1%
78,304Egypt
53.6%
101,553Qatar
45.6%
312,911Peru
40.7%
237,489Pakistan
37.3%
220,144Saudi Arabia
36.3%
Remove Ads.
Support Sporcle.
Get the best of Sporcle when you Go Orange. This ad-free experience offers more features, more stats, and more fun while also helping to support Sporcle. Thank you for becoming a member.

You're not logged in!

Compare scores with friends on all Sporcle quizzes.
OR
Log In

Sporcle TV

Today on Sporcle TV


Watch our educational content, quiz creation guides, and fun videos on Sporcle TV.

Show Comments

Extras

Top Quizzes Today


Score Distribution

Paid Content

Your Account Isn't Verified!

In order to create a playlist on Sporcle, you need to verify the email address you used during registration. Go to your Sporcle Settings to finish the process.

Report this User

Report this user for behavior that violates our Community Guidelines.

Details: